| 000 | 01056nam a22002657a 4500 | ||
|---|---|---|---|
| 005 | 20170124102936.0 | ||
| 010 | _aB-032382 | ||
| 020 |
_c300.00 _a8170164885 |
||
| 035 | _aB-032382 | ||
| 037 | _bCen Lib/Ret | ||
| 040 |
_aDPL _bHN |
||
| 082 |
_a700.92 _bतनेजा |
||
| 100 |
_aतनेजा, जयदेव _946736 |
||
| 245 |
_aरंग-साक्षात्कार / _cजयदेव तनेजा |
||
| 246 |
_aRang-saakshatkaar / _bby Jaidev Taneja |
||
| 260 |
_aनयी दिल्ली _bकिताबघर प्रकाशन _c2001 |
||
| 270 |
_bनयी दिल्ली _e110002 _a24, अंसारी रोड, दरिया गंज |
||
| 300 |
_a327पृ. _c19सेमी (सजिल्द) |
||
| 500 | _aपरिशिष्ट शामिल | ||
| 650 |
_aहिन्दी साहित्य _z _946737 |
||
| 650 |
_aथिएटर _9102 |
||
| 650 |
_aGeography _946738 |
||
| 650 |
_aColor-platform _946739 |
||
| 942 |
_2ddc _cHN _h700.92 _mतनेजा |
||
| 999 |
_c112292 _d112292 |
||